000 00337 a2200121 4500
001 ART_7810
005 20260410161638.0
008 260409a
245 1 0 _aEl Impuesto a las Ganancias
100 1 _aLorenzo, Armando
700 1 _aCavalli, César M.
773 0 _tConsultor tributario
_g- Nº 12 (feb. 2008)
_wREV474
999 _c13054
_d13054